Normal view MARC view
  • Guide Name:B y Pawar

Entry Personal Name

Number of records used in: 1

001 - CONTROL NUMBER

  • control field: 210732

003 - CONTROL NUMBER IDENTIFIER

  • control field: OSt

005 - DATE AND TIME OF LATEST TRANSACTION

  • control field: 20250110171644.0

008 - FIXED-LENGTH DATA ELEMENTS

  • fixed length control field: 250110|| aca||aabn | a|a d

040 ## - CATALOGING SOURCE

  • Original cataloging agency: OSt
  • Transcribing agency: OSt

100 ## - HEADING--PERSONAL NAME

  • Personal name: Guide Name:B y Pawar

670 ## - SOURCE DATA FOUND

  • Source citation: Work cat.: (OSt)364054: Mudholkar Parikshit 183183, Analysis Of Pollution Problems And Its Impacts On The Surrounding, 2017